000 00765nam a2200253Ia 4500
003 OSt
005 20220928110251.0
006 a|||||r|||| 00| 0
007 ta
008 220927b |||||||| |||| 00| 0 hin d
020 _c695
024 _a110987
037 _b1403, 10/01/2011, Kiran Book Service
_cTextual
040 _aSDCL
_cSDCL
_bhin
041 _2hin
_ahin
082 _aO152:g(Y5927), Q0
100 _aLimbale Sharan Kumar Ed.
_9406919
245 0 _aDalit sahitya
_b Vedna aur vidroh.
260 _aNew Delhi
_bVani Prakashan
_c2010
300 _a453p.
_ccm.
650 _aHindi
_9391598
942 _hO152:g(Y5927), Q0
_cTEXL
_2CC
999 _c734822
_d734822